Racionalizácia personálnej práce v podniku : Diplomová práca

Salvato in:
Dettagli Bibliografici
Autore principale: Uhlík, Zlatko (Autore)
Altri autori: Šaturová, Katarína, 1968- (xxx)
Natura: Manoscritto Libro
Lingua:slovacco
Pubblicazione: Trnava : STU v Bratislave MtF KMK, 1996
Soggetti:
Tags: Aggiungi Tag
Nessun Tag, puoi essere il primo ad aggiungerne!!

MARC

LEADER 00000ntm a22000003a 4500
001 stu55445
005 20160719155148.3
008 001027s1996----xo------------------slo-d
040 |a STU  |b slo 
041 0 |a slo 
044 |a xo 
100 1 |a Uhlík, Zlatko  |4 aut 
245 1 |a Racionalizácia personálnej práce v podniku :  |b Diplomová práca 
260 |a Trnava :  |b STU v Bratislave MtF KMK,  |c 1996 
300 |a 53 s  |c výťah 
650 7 |a manažment priemyselných podnikov  |2 stusub 
650 7 |a manažment personálny  |2 stusub 
650 7 |a personalistika  |2 stusub 
700 1 |a Šaturová, Katarína,  |d 1968-  |4 xxx  |X 3649  |7 A000003649 
996 |b 284M025209  |c M*DP-981  |l MMSKP  |s P  |a 0  |w stu55445_0001